| 000 | 00662nam a2200181Ia 4500 | ||
|---|---|---|---|
| 003 | GCL | ||
| 008 | 140319s9999 xx 000 0 ara d | ||
| 040 |
_aGCL / _cGCL |
||
| 082 | 0 | 4 |
_a621.381 _bف م |
| 100 | 1 | _aفاروق سيد حسين | |
| 245 | 1 | 0 |
_aموسوعة الاختبارات الشاملة للاجهزة الالكترونية / _cفاروق سيد حسين |
| 490 |
_aالهيئة العامة للاستعلامات _v0 |
||
| 650 | 0 | 4 | _aالهندسة الالكترونية |
| 650 | 0 | 4 | _aالاجهزة الالكترونية |
| 650 | 0 | 4 | _aالاجهزة الكهربائية |
| 650 | 0 | 4 | _aالتحكم الالكترونى |
| 942 |
_2ddc _cBK |
||
| 999 |
_c49003 _d49003 |
||